Logistika pro manažery

Enregistré dans:
Détails bibliographiques
Auteur principal: Stehlík, Antonín
Autres auteurs: Kapoun, Josef
Format: Livre
Langue:tchèque
Publié: Praha Ekopress 2008
Sujets:
Tags: Ajouter un tag
Pas de tags, Soyez le premier à ajouter un tag!

MARC

LEADER 00000nam a2200000 4500
001 0135475
005 20240313090002.7
020 |a 978-80-86929-37-8 
041 0 |a cze 
044 |a CZ 
245 1 0 |a Logistika pro manažery  |c Antonín Stehlík, Josef Kapoun 
264 1 |a Praha  |b Ekopress  |c 2008 
300 |a 266 s. 
610 2 0 |a logistika 
610 2 0 |a vývoj 
610 2 0 |a logistika podniková 
610 2 0 |a reťazce logistické 
610 2 0 |a doprava 
610 2 0 |a manažment 
610 2 0 |a výroba priemyselná 
610 2 0 |a distribúcia 
610 2 0 |a tovar 
610 2 0 |a reťazce dodávateľsko-odberateľské 
610 2 0 |a zákazníci 
610 2 0 |a technológie komunikačné 
610 2 0 |a softvér 
100 1 |a Stehlík, Antonín 
700 1 |a Kapoun, Josef